000 00435nam a22001817a 4500
003 MPLRDC
005 20220104173000.0
008 210129b ||||| |||| 00| 0 eng d
082 _a859.9 AES v.5
100 _aSHOGO HIRATA绘
245 _aA MOUSE'S GRATITUDE
_c
250 _a初版
260 _a
_bJOIE, INC.
_c1989
300 _b
490 _aAESOP'S FABLES
650 _aCHILDREN LITERATURE
942 _cBK
_o859.9 AES v.5
999 _c59207
_d59197